Konsolidácia štruktúry osídlenia – východiská, prístupy, scenáre
Optimálna veľkosť samosprávnych jednotiek. Štruktúra osídlenia – zahraničné príklady a slovenská realita. Reforma verejnej správy SR a komunálna reforma. Medziobecná spolupráca. Spoločné obecné úrady. Efektívnosť zabezpečovania originálnych a prenesených kompetencií v podmienkach vybraných spoločnýc...
Salvato in:
| Autore principale: | |
|---|---|
| Altri autori: | , , , , , |
| Natura: | Capitolo di libro |
| Lingua: | slovacco |
| Soggetti: | |
| Tags: |
Nessun Tag, puoi essere il primo ad aggiungerne!!
|
MARC
| LEADER | 00000nla$a2200000$$$4500 | ||
|---|---|---|---|
| 001 | 0080261 | ||
| 005 | 20240502071917.4 | ||
| 041 | 0 | |a slo | |
| 044 | |a SK | ||
| 245 | 1 | 0 | |a Konsolidácia štruktúry osídlenia – východiská, prístupy, scenáre |c Elena Žárska, P. Berčík, Tomáš Černenko, Marta Hamalová, Dušan Kozovský, Stanislava Pirmanová, Vladimír Slavík |
| 520 | |a Optimálna veľkosť samosprávnych jednotiek. Štruktúra osídlenia – zahraničné príklady a slovenská realita. Reforma verejnej správy SR a komunálna reforma. Medziobecná spolupráca. Spoločné obecné úrady. Efektívnosť zabezpečovania originálnych a prenesených kompetencií v podmienkach vybraných spoločných obecných úradov a samostatných obcí. Mikroregióny Slovenskej republiky ako podklad k realizácii komunálnej reformy. Fragmentovaná štruktúra osídlenia a problém výkonu rozsahu kompetencií v SR. | ||
| 610 | 2 | 0 | |a rozvoj územný |
| 610 | 2 | 0 | |a vláda |
| 610 | 2 | 0 | |a samospráva |
| 610 | 2 | 0 | |a osídlenie |
| 610 | 2 | 0 | |a správa verejná |
| 610 | 2 | 0 | |a reformy |
| 610 | 2 | 0 | |a obce |
| 610 | 2 | 0 | |a mikroregióny |
| 100 | 1 | |a Žárska, Elena, 1955- | |
| 700 | 1 | |a Berčík, P. | |
| 700 | 1 | |a Černěnko, Tomáš, 1981- | |
| 700 | 1 | |a Hamalová, Marta | |
| 700 | 1 | |a Kozovský, Dušan | |
| 700 | 1 | |a Pirmanová, Stanislava | |
| 700 | 1 | |a Slavík, Vladimír | |